000 01313cam a2200253 4500
001 L136617
008 070212n2006 000 0 eng u
020 _a9781842192849 (correct)
_z99781842192841 (wrongly issued)
035 _a(Sirsi) u136617
041 0 _aeng
050 0 4 _a711.52 $2 18
100 1 _aAndreasen, Jørgen
245 0 4 _aThe demise of urban compound houses
_bconsequences for the low income population of Kumasi, Ghana
_h[electronic resource]
_c[archived]
260 _aLondon
_bRICS
_c2006
490 0 _aRICS Research Paper Series
_v6(8)
505 2 _aCharacteristics of a compound house -- Disadvantages of a compound house -- Characteristics of compounds that are advantageous in Kumasi -- Current multi-occupied housing forms -- Survival of the merits of compound housing -- Propositions for the future.
520 _aExamines the characteristics of compound housing and analyses the advantages and disadvantages of life within such housing in Kumasi, Ghana.
651 4 _aGHANA
690 _aPROPERTY-RESIDENTIAL PROPERTY-RESIDENTIAL PROPERTY DEVELOPMENT
700 1 _aEskemose, Jørgen
700 1 _aTipple, Graham
856 4 0 _uhttps://www.rics.org/profession-standards/knowledge-and-information-services
_zPlease email [email protected] for a digital copy
942 _n0
_2ddc
999 _c106456
_d106456